Nghiên cứu đất phân

Enregistré dans:
Détails bibliographiques
Format: Livre
Langue:Undetermined
Publié: Hà Nội Khoa học 1979
Sujets:
Tags: Ajouter un tag
Pas de tags, Soyez le premier à ajouter un tag!
Thư viện lưu trữ: Trung tâm Học liệu Trường Đại học Cần Thơ
LEADER 00393nam a2200145Ia 4500
001 CTU_12426
008 210402s9999 xx 000 0 und d
082 |a 631.4 
082 |b Ngh305/T.6 
245 0 |a Nghiên cứu đất phân 
260 |a Hà Nội 
260 |b Khoa học 
260 |c 1979 
650 |a Fertilizers,Soils 
980 |a Trung tâm Học liệu Trường Đại học Cần Thơ